[Event "FIDE World Bl Team Pool E"]
[Site "Almaty"]
[Date "2024.08.05"]
[Round "2.10"]
[White "Zhunusov, Nurlan"]
[Black "Gumularz, Szymon"]
[Result "1/2-1/2"]
[WhiteElo "1771"]
[BlackElo "2571"]
[PlyCount "109"]
[EventDate "2024.08.05"]
[EventType "team (blitz)"]
[EventRounds "7"]
[EventCountry "KAZ"]
[SourceTitle "CBM 221 Extra"]
[Source "ChessBase"]
[SourceDate "2024.09.30"]
[SourceVersion "1"]
[SourceVersionDate "2024.09.30"]
[SourceQuality "1"]
[WhiteTeam "Kazakhstan Dream Team"]
[BlackTeam "Krakow Q4Rail Kingsofchess"]
[WhiteTeamCountry "KAZ"]
[BlackTeamCountry "POL"]

1. e3 g6 2. Nf3 Bg7 3. d4 Nf6 4. c4 0-0 5. Be2 c5 6. 0-0 cxd4 7. exd4 d5 8. c5 Nc6 9. a3 Bg4 10. Nc3 Ne4 11. h3 Bxf3 12. Bxf3 f5 13. Ne2 e5 14. dxe5 Nxe5 15. Bxe4 dxe4 16. Qb3+ Kh8 17. Nf4 Qe7 18. Be3 Qf7 19. Qxf7 Rxf7 20. Ne6 Bf6 21. Rad1 Re8 22. Ng5 Rc7 23. h4 Nd3 24. b4 f4 25. Bc1 Nxc1 26. Rxc1 h6 27. Nh3 g5 28. Rcd1 Kg7 29. Rd5 Kg6 30. Rfd1 e3 31. h5+ Kf7 32. fxe3 Rxe3 33. Nf2 Ke7 34. Ng4 Bg7 35. Rd6 Re6 36. Rxe6+ Kxe6 37. Rd6+ Kf5 38. Nxh6+ Bxh6 39. Rxh6 Rd7 40. Rd6 Re7 41. h6 g4 42. Kf2 g3+ 43. Kf1 Ke4 44. Rg6 Re5 45. h7 Rh5 46. Rg7 Rh1+ 47. Ke2 Rh2 48. Re7+ Kf5 49. Kf3 Rh1 50. Rf7+ Ke5 51. Re7+ Kf5 52. Rf7+ Ke5 53. Re7+ Kf5 54. Rf7+ Ke5 55. Re7+ 1/2-1/2

[Event "FIDE World Rapid Team"]
[Site "Almaty"]
[Date "2024.08.04"]
[Round "10.28"]
[White "Zhunusov, Nurlan"]
[Black "Kaipbayev, Aday"]
[Result "0-1"]
[WhiteElo "1771"]
[BlackElo "1711"]
[PlyCount "94"]
[EventDate "2024.08.02"]
[EventType "team (rapid)"]
[EventRounds "12"]
[EventCountry "KAZ"]
[SourceTitle "CBM 221 Extra"]
[Source "ChessBase"]
[SourceDate "2024.09.30"]
[SourceVersion "1"]
[SourceVersionDate "2024.09.30"]
[SourceQuality "1"]
[WhiteTeam "Kazakhstan Dream Team"]
[BlackTeam "Chess Dream"]
[WhiteTeamCountry "KAZ"]
[BlackTeamCountry "KAZ"]

1. e4 d5 2. exd5 Nf6 3. d4 Nxd5 4. Nf3 Bf5 5. Bd3 Bg6 6. c4 Nf6 7. 0-0 e6 8. Nc3 Be7 9. Re1 c5 10. Bxg6 hxg6 11. dxc5 Qxd1 12. Rxd1 Na6 13. Nb5 0-0 14. Bf4 Bxc5 15. Bd6 Rfd8 16. Bxc5 Nxc5 17. Rxd8+ Rxd8 18. Nxa7 Ra8 19. Nb5 Nb3 20. Rb1 Rxa2 21. Nd6 b6 22. Ne5 Ra7 23. Rd1 Nh5 24. Ndxf7 Rxf7 25. Nxf7 Kxf7 26. Rd6 Na5 27. b3 Nxb3 28. Rxb6 Nc5 29. Rb5 Na6 30. c5 Nf4 31. g3 Nd5 32. Kg2 Nac7 33. Ra5 Ke7 34. Kf3 Kd7 35. Kg4 Kc6 36. Kg5 Ne7 37. h4 e5 38. Kg4 Ned5 39. Kg5 Ne7 40. Kg4 Nb5 41. Ra6+ Kxc5 42. Re6 Nd5 43. Rxe5 Kd4 44. Rg5 Nd6 45. Rxg6 Nf6+ 46. Kg5 Nf7+ 47. Kf4 Nd5+ 0-1

[Event "FIDE World Rapid Team"]
[Site "Almaty"]
[Date "2024.08.03"]
[Round "8.27"]
[White "Zhunusov, Nurlan"]
[Black "Kozhabekov, Adilkhan"]
[Result "0-1"]
[WhiteElo "1771"]
[BlackElo "1855"]
[PlyCount "92"]
[EventDate "2024.08.02"]
[EventType "team (rapid)"]
[EventRounds "12"]
[EventCountry "KAZ"]
[SourceTitle "CBM 221 Extra"]
[Source "ChessBase"]
[SourceDate "2024.09.30"]
[SourceVersion "1"]
[SourceVersionDate "2024.09.30"]
[SourceQuality "1"]
[WhiteTeam "Kazakhstan Dream Team"]
[BlackTeam "KRG Team"]
[WhiteTeamCountry "KAZ"]
[BlackTeamCountry "KAZ"]

1. e4 c5 2. Nf3 d6 3. d4 cxd4 4. Qxd4 Nc6 5. Bb5 Bd7 6. Bxc6 Bxc6 7. c4 Nf6 8. Nc3 e6 9. 0-0 Be7 10. Rd1 a6 11. Qd3 Qc7 12. Bf4 Rd8 13. Rac1 Qa5 14. Nd4 0-0 15. Nxc6 bxc6 16. Qe2 e5 17. Be3 d5 18. cxd5 cxd5 19. exd5 Nxd5 20. Nxd5 Rxd5 21. Rxd5 Qxd5 22. Qxa6 h6 23. Qc4 Qa5 24. Qc7 Qb4 25. a3 Qd6 26. Qxd6 Bxd6 27. Rc6 Be7 28. Kf1 f5 29. Bc5 Bxc5 30. Rxc5 e4 31. g3 g5 32. b4 Kg7 33. a4 Kf6 34. Rc6+ Ke5 35. Rxh6 f4 36. gxf4+ gxf4 37. Ke2 Kd4 38. Rd6+ Ke5 39. Rd1 Rh8 40. a5 Rxh2 41. a6 e3 42. Ra1 Ke4 43. Rf1 f3+ 44. Ke1 e2 45. Rg1 Rh6 46. b5 Rd6 0-1

[Event "Kazakhstan Cup"]
[Site "Astana"]
[Date "2023.04.23"]
[Round "1"]
[White "Zhunusov, Nurlan"]
[Black "Lysyj, Igor"]
[Result "0-1"]
[WhiteElo "1591"]
[BlackElo "2606"]
[PlyCount "66"]
[EventDate "2023.04.23"]
[EventType "swiss"]
[EventRounds "9"]
[EventCountry "KAZ"]
[SourceTitle "CBM 213 Extra"]
[Source "ChessBase"]
[SourceDate "2023.05.31"]
[SourceVersion "1"]
[SourceVersionDate "2023.05.31"]
[SourceQuality "1"]

1. e4 e5 2. Nf3 Nc6 3. Nc3 Nf6 4. Bb5 Bb4 5. 0-0 0-0 6. d3 Bxc3 7. Bxc6 bxc6 8. bxc3 d6 9. Bg5 h6 10. Bh4 Qe7 11. Qe2 Qe6 12. Nd2 Ba6 13. c4 Nd7 14. Bg3 d5 15. f4 dxc4 16. Nxc4 exf4 17. Bxf4 Bxc4 18. dxc4 Rfe8 19. Bxc7 Qxe4 20. Qxe4 Rxe4 21. Rf4 Rae8 22. Rd1 Rxf4 23. Bxf4 Nb6 24. Rd6 Re1+ 25. Kf2 Re4 26. Be3 Rxc4 27. Rd2 Ra4 28. Rd6 Rc4 29. Rd2 Kf8 30. Re2 f6 31. Ke1 Kf7 32. Kd1 Nd5 33. Bd2 Ra4 0-1